| 000 | 00399nam a2200097Ia 4500 | ||
|---|---|---|---|
| 008 | 180130s9999 xx 000 0 und d | ||
| 245 |
_cRuhe, G.; Nayebi, M. _aWhat counts is decisions, not numbers--toward an analytics design sheet |
||
| 260 | _c2016 | ||
| 300 | _aBook title: Perspectives on data science for software engineering--Acession number C20893; pages 111-114 | ||
| 650 | _aSOFTWARE ENGINEERING | ||
| 999 |
_c354301 _d354301 |
||